Los primeros deberes de la madre y los primeros cuidados del niño (Record no. 3964)

MARC details
000 -CABECERA
campo de control de longitud fija 00869nam a2200241 a 4500
001 - NÚMERO DE CONTROL
campo de control BRCA_4253
005 - FECHA Y HORA DE LA ÚLTIMA TRANSACCIÓN
campo de control 20190320204613.0
008 - DATOS DE LONGITUD FIJA--INFORMACIÓN GENERAL
campo de control de longitud fija 140610s1922----ag-#######---#000-0#spa-#
041 ## - CÓDIGO DE LENGUA
Código de lengua del texto/banda sonora o título independiente spa
044 ## - CÓDIGO DEL PAÍS DE LA ENTIDAD EDITORA/PRODUCTORA
Código MARC del país ag
050 #4 - SIGNATURA TOPOGRÁFICA DE LA BIBLIOTECA DEL CONGRESO
Número de clasificación HQ769
Número de documento/Ítem .A46 1922
100 1# - ENTRADA PRINCIPAL--NOMBRE DE PERSONA
Nombre de persona Ammon, Aug. Fr. von
9 (RLIN) 10969
245 10 - MENCIÓN DE TÍTULO
Título Los primeros deberes de la madre y los primeros cuidados del niño
Resto del título para la instrucción de esposas y madres jovenes
Mención de responsabilidad, etc. Aug. Fr. von Ammon ; libro corregido y aumentado por el Dr. K. Hoffmann y vertido al castellano por el Prof. Z. Salinas.
260 ## - PUBLICACIÓN, DISTRIBUCIÓN, ETC.
Lugar de publicación, distribución, etc. Berlín : Argentina
Nombre del editor, distribuidor, etc. Editora Internacional
Fecha de publicación, distribución, etc. 1922
300 ## - DESCRIPCIÓN FÍSICA
Extensión 154 p. (v.2)
Dimensiones 18 cm.
440 #0 - MENCIÓN DE SERIE/PUNTO DE ACCESO ADICIONAL--TÍTULO
Título Biblioteca de la medicina social
9 (RLIN) 10970
500 ## - NOTA GENERAL
Nota general AM65
650 14 - PUNTO DE ACCESO ADICIONAL DE MATERIA--TÉRMINO DE MATERIA
Término de materia o nombre geográfico como elemento de entrada Niños
Subdivisión general Cuidado e higiene
9 (RLIN) 10971
700 1# - PUNTO DE ACCESO ADICIONAL--NOMBRE DE PERSONA
Nombre de persona Hoffmann, K.
9 (RLIN) 10972
700 1# - PUNTO DE ACCESO ADICIONAL--NOMBRE DE PERSONA
Nombre de persona Salinas, Z.
9 (RLIN) 10973
902 ## - CATALOGADOR
Iniciales GFM
942 ## - ELEMENTOS DE PUNTO DE ACCESO ADICIONAL (KOHA)
Fuente del sistema de clasificación o colocación Library of Congress Classification
Tipo de ítem Koha Libros
Holdings
Estado de retiro Estado de pérdida Estado dañado No para préstamo Localización permanente Ubicación/localización actual Fecha de adquisición Número de inventario Total de préstamos Signatura topográfica completa Código de barras Fecha visto por última vez Precio válido a partir de Tipo de ítem Koha
El ejemplar forma parte de la colección y puede ser consultado según las políticas vigentes.       Biblioteca del Museo Franz Mayer (Rogerio Casas-Alatriste) Biblioteca del Museo Franz Mayer (Rogerio Casas-Alatriste) 14/06/2010 AM65   HQ769 .A46 1922 (AM65) 4250 22/03/2019 22/03/2019 Libros